00600nam a2200169 i 450000100060000000300090000600500170001500700030003200800410003510000420007624501370011826000710025530000210032665000330034771000260038085200240040668526ES-MaACL20250809024229.0t|960806s1900 uy |||| | spa d1 aGarcía-Ontiveros y Laplana, Felipe.10aExiste el derecho internacional? b: conferencia dada en el Ateneo de Montevideo ... / cpor Felipe García-Ontiveros y Laplana ... aMontevideo : b[s.n.], c1900 (fImp. y Litografía "La razón") a29 p. ; c27 cm.07aDerecho internacional2embne2 aAteneo de Montevideo. aES-MaACLjT-980-F-8